コンテンツを見る
Inicio
Centros participantes
Catálogo
Servicios
Contacto
ログイン
English
Deutsch
Español
Français
Italiano
日本語
Nederlands
Português
Português (Brasil)
中文(简体)
中文(繁體)
Türkçe
עברית
Gaeilge
Cymraeg
Ελληνικά
Català
Euskara
Русский
Čeština
Suomi
Svenska
polski
Dansk
slovenščina
اللغة العربية
বাংলা
Galego
Tiếng Việt
Hrvatski
हिंदी
Հայերէն
Українська
Sámegiella
言語
全フィールド
タイトル
著者
主題
請求記号
ISBN/ISSN
タグ
検索
詳細検索
Nicaragua: la imaginación sand...
この資料を引用
この資料をメール
印刷
エクスポート
エクスポート先: RefWorks
エクスポート先: EndNoteWeb
エクスポート先: EndNote
お気に入りに追加
パーマネントリンク
最初の評価を行う
Nicaragua: la imaginación sandinista y el desafío de la revolución
保存先:
書誌詳細
第一著者:
Verduga, César
フォーマット:
テキスト
出版事項:
México:
s.e.
タグ:
タグ追加
タグなし, このレコードへの初めてのタグを付けませんか!
所蔵
その他の書誌記述
コメント
類似資料
MARC表示
MARC
LEADER
00000 a a2200000 04500
001
21728
003
040
090
|a
097200
100
|a
Verduga, César
245
|a
Nicaragua: la imaginación sandinista y el desafío de la revolución
260
|a
México:
|b
s.e.
300
|a
15 p.
999
|c
8258
|d
8258
類似資料
La colección de publicaciones periódicas del centro de documentación del CSUCA, su importancia, su acceso y su utilización
著者:: Zeledón, Lilliana
La Economía del banano en Centroamérica, diez años de intervención estatal: 1974-1984 /
著者:: López, José Roberto
出版事項: (1985)
Apuntes preliminares sobre la evolución del periodismo en Costa Rica
著者:: Gónzalez Villalobos, Paulino
Nicaragua y la revolución sandinista /
著者:: Muro Rodríguez, Mirtha
Fe cristiana y revolución sandinista en Nicaragua.
出版事項: (1979)